| 000 | 00511nam a2200169Ia 4500 | ||
|---|---|---|---|
| 999 |
_c8665 _d8665 |
||
| 020 | _a9781107091726 | ||
| 082 | _a330.954 MEH-; | ||
| 100 | _aMehrotra, Santosh | ||
| 245 | 0 | _aRealising the demographic dividend: policies to achieve inclusive growth in India | |
| 260 |
_aDelhi _bCambridge University Press _c2016 |
||
| 300 | _axviii, 477p | ||
| 650 | _aECONOMIC DEVELOPMENT - SOCIAL ASPECTS - INDIA | ||
| 650 | _aINDIA - ECONOMIC POLICY | ||
| 650 | _aSKILLED LABOR | ||
| 650 | _aPUBLIC FINANCE | ||
| 942 | _cBK | ||